Microsoft Office Word 2007 SK : podrobná užívateľská príručka /

Uloženo v:
Podrobná bibliografie
Hlavní autor: Pírková, Kateřina 1976- (Autor)
Další autoři: Brůha, Michal (Překladatel)
Médium: Kniha
Jazyk:slovenština
Vydáno: Brno : Computer Press, 2007
Vydání:1. vyd.
Témata:
ISBN:9788025116692
On-line přístup: Získat plný text
Tagy: Přidat tag
Žádné tagy, Buďte první, kdo vytvoří štítek k tomuto záznamu!

MARC

LEADER 00000nam a2200000 4500
003 SK-BrCVT
005 20220925165752.0
008 070926s2007 xr e ||||||slo d
020 |a 9788025116692 
035 |a CVTIDW1423416 
040 |b slo  |a CVTI SR  |e AACR2 
041 1 |a slo 
044 |a xr 
080 |a 004.912  |2 UDC-MRF 
100 1 |a Pírková, Kateřina  |d 1976-,  |4 aut 
245 1 0 |a Microsoft Office Word 2007 SK :  |b podrobná užívateľská príručka /  |c Kateřina Pírková ; preklad: Michal Brůha 
246 1 4 |a Kompletný sprievodca využitím kancelárskeho programu 
250 |a 1. vyd. 
260 |a Brno :  |b Computer Press,  |c 2007 
300 |a 366 s. :  |b obr., tab. ; 
653 1 |a hromadná korešpondencia  |a internet  |a formátovanie 
700 1 |a Brůha, Michal  |4 trl 
910 |a BA002  |b A603238  |b A603239 
919 |a 978-80-251-1669-2 
974 |f Knihy  |b CLI CLI 
999 |c 157053  |d 157053